• 首页
  • 本馆介绍
  • 公告通知
  • 最新文献
  • 馆藏检索
  • 电子资源
  • 读者导购
  • 参考咨询
  • 我的图书馆
  • 登录
  • 详细信息显示
  • 放入我的书架
  • 预约/预借图书
  • 作者相关作品
  • 分类相关作品
  • 丛书相关作品
  • 出版社相关作品

书目信息

  • 表格格式
  • 工作单格式
  • 卡片格式
题名:
十种常用有色金属
    
 
作者: ;《冶金常识》编写组 编
分册:  
出版信息: 北京   冶金工业出版社  1978
页数: 46页
开本: 19cm
丛书名:
单 册:
中图分类: TF813
科图分类:
主题词: 有色金属--冶金 , 炼铅 , 炼锌 , 重有色金属--有色金属冶金
电子资源:
ISBN:
000 00774nam0 2200265 45
001 0178001524
005 20060526110052.81
010    @dCNY0.13
091    @a15062.3013
100    @a19950801d1978 em y0chiy0121 ea
101 0  @achi
102    @aCN@b110000
105    @ay z 000yy
200 10 @a十种常用有色金属@Ashi zhong chang yong you se jin shu@e铅与锌@f《冶金常识》编写组编@F《ye jin chang shi》bian xie zu bian
205    @a2版@b修订本
210    @a北京@c冶金工业出版社@d1978
215    @a46页@d19cm
606    @a有色金属@x冶金
606    @a炼铅
606    @a炼锌
606 0  @a重有色金属@x有色金属冶金
690    @aTF813@v4
711  0 @a《冶金常识》编写组@A《ye jin chang shi》bian xie zu@4编
801  0 @aCN@bTSSF@c20060526
905    @a10447@dTF813@e3
    
    十种常用有色金属:铅与锌/《冶金常识》编写组编.-2版,修订本.-北京:冶金工业出版社,1978
    46页;19cm
    
    
    ISBN :CNY0.13
    
●
相关链接 在E读中查询图书 在五车中查询图书 在当当中查询图书 在豆瓣中查询图书


正题名:十种常用有色金属     索取号:TF813/3         预约/预借

序号 登录号 条形码 馆藏地/架位号 状态 备注
1 0017387   202381029   密集书库/ [索取号:TF813/3] 在馆    
唐山师范学院图书馆 欢迎您!
大连网信软件有限公司© 版权所有